000 005560000a22001690004500
003 MACL
005 20160527124000.0
008 160527b xxu||||| |||| 00| 0 eng d
040 _aMACL
_cMACL
041 _aHindi
082 _a891.433 HES
100 _aहेस्‍से, हेरमन
_960093
245 _aचक्‍के तले
_cहेरमन हेस्‍से
260 _bराधाकृष्‍ण प्रकाशन
_c1997
_aनई दिल्‍ली
650 _aNovel
_960094
942 _cHIN
_k891.433/HES/N
_2ddc
999 _c10939
_d10939